000
00203nam a2200085Ia 4500
008
170617s9999 xx 000 0 und d
100
_a
BANSAL NANDAN
245
0
_a
ANATOMY AND PHYSIOLOGY FOR NURSES
260
_b
Jaypee
260
_c
2003
999
_c
12832
_d
12832